Norfolk Place Names: True or False - Statistics

General Stats
  • This quiz has been taken 89 times
  • The average score is 10 of 15
Answer Stats
Hint Answer % Correct
Fakenham True
94%
Slickstair False
93%
Little Snoring True
89%
Trowse True
86%
Blofield True
81%
Hogswear False
76%
Piddle Newton False
74%
Bumpwich False
71%
Stiffkey True
64%
Widebottom False
63%
Glampton False
57%
Hautbois True
49%
Trunch True
47%
Forncett True
47%
Sloley True
37%
No matching quizzes found
Score Distribution
Percent of People with Each Score
Percentile by Number Answered
Your Score History
You have not taken this quiz